000 00318nam a22001337a 4500
008 170810b xxu||||| |||| 00| 0 eng d
020 _a0138421951
041 _aeng
080 _a004
100 _a35
101 _aSHKI
245 _aSTANDARDIZED DEVELOPMENT OF COMPUTER SOFTWARE
_cTAUSWORTHE, R.C
942 _2udc
_cBK
999 _c23105
_d23105